| 000 | 00576cab a22001935a 4500 | ||
|---|---|---|---|
| 001 | L151597 | ||
| 008 | 101122e20101119xxk 000 0 eng d | ||
| 035 | _a(Sirsi) u151597 | ||
| 041 | 0 | _aeng | |
| 100 | 1 | _aHill, Chris | |
| 245 | 0 | 0 | _aPrepare to be patient |
| 490 |
_aBuilding _v275 (8655) 19 November 2010, 56(1) |
||
| 520 | _aConsiders the opportunities and challenges in Libya in the context of its legal system; competition; business style; constitution; arbitration. | ||
| 590 | _aKA | ||
| 651 | 4 | _aLibya | |
| 651 | 4 | _aAfrica | |
| 690 | _aMANAGEMENT | ||
| 942 | _n0 | ||
| 999 |
_c82826 _d82826 |
||